Ako chutí podielový fond a vonia životná poistka

Rozhovor s Igorom Čečkom, obchodným riaditeľom spoločnosti Finanzpartner.

Guardado en:
Detalles Bibliográficos
Autor principal: Čečko, Igor
Otros Autores: Škriniar, Pavel, 1979-
Formato: Capítulo de libro
Lenguaje:eslovaco
Materias:
Etiquetas: Agregar Etiqueta
Sin Etiquetas, Sea el primero en etiquetar este registro!

MARC

LEADER 00000naa a2200000 4500
001 0144196
005 20240502072602.3
041 0 |a slo 
044 |a SK 
245 1 0 |a Ako chutí podielový fond a vonia životná poistka  |c Igor Čečko, Pavel Škriniar 
520 |a Rozhovor s Igorom Čečkom, obchodným riaditeľom spoločnosti Finanzpartner. 
610 2 0 |a fondy podielové 
610 2 0 |a sprostredkovatelia 
610 2 0 |a produkty 
610 2 0 |a poradenstvo finančné 
610 2 0 |a poistka 
100 1 |a Čečko, Igor 
700 1 |a Škriniar, Pavel, 1979-